Development of gyro layout with gas-dinamicsuspension of rotor ball; Проблемы и перспективы современного образования в России и зарубежных странах; Ч. 2

Detaylı Bibliyografya
Parent link:Проблемы и перспективы современного образования в России и зарубежных странах: сборник трудов I Международной заочной научно-практической конференции, 12 декабря 2012 г., Томск/ Национальный исследовательский Томский политехнический университет (ТПУ).— , 2013
Ч. 2.— 2013.— [С. 85-86]
Yazar: Kuzma A. A.
Diğer Yazarlar: Golikov A. N. (научный руководитель)
Özet:Заглавие с титульного экрана
Dil:İngilizce
Baskı/Yayın Bilgisi: 2013
Seri Bilgileri:Научно-исследовательская работа молодежи в условиях современного образовательного процесса в вузах России и за рубежом: опыт, традиции, проблемы, новые формы, перспективы, наука и инновации
Konular:
Online Erişim:http://www.lib.tpu.ru/fulltext/c/2012/C16/V2/039.pdf
Materyal Türü: MixedMaterials Elektronik Kitap Bölümü
KOHA link:https://koha.lib.tpu.ru/cgi-bin/koha/opac-detail.pl?biblionumber=234221

MARC

LEADER 00000naa2a2200000 4500
001 234221
005 20260123090851.0
035 |a (RuTPU)RU\TPU\book\255331 
035 |a RU\TPU\book\255328 
090 |a 234221 
100 |a 20130320d2013 k||y0rusy50 ba 
101 0 |a eng 
102 |a RU 
135 |a drnn ---uucaa 
181 0 |a i  
182 0 |a b 
200 1 |a Development of gyro layout with gas-dinamicsuspension of rotor ball  |f A. A. Kuzma  |g науч. рук. A. N. Golikov 
203 |a Текст  |c электронный 
225 1 |a Научно-исследовательская работа молодежи в условиях современного образовательного процесса в вузах России и за рубежом: опыт, традиции, проблемы, новые формы, перспективы, наука и инновации 
300 |a Заглавие с титульного экрана 
320 |a [Библиогр.: с. 86 (3 назв.)] 
337 |a Adobe Reader 
461 1 |0 (RuTPU)RU\TPU\book\255079  |t Проблемы и перспективы современного образования в России и зарубежных странах  |o сборник трудов I Международной заочной научно-практической конференции, 12 декабря 2012 г., Томск  |f Национальный исследовательский Томский политехнический университет (ТПУ)  |d 2013 
463 1 |0 (RuTPU)RU\TPU\book\255107  |t Ч. 2  |v [С. 85-86]  |d 2013 
610 1 |a труды учёных ТПУ 
610 1 |a электронный ресурс 
700 1 |a Kuzma  |b A. A. 
702 1 |a Golikov  |b A. N.  |4 727 
801 2 |a RU  |b 63413507  |c 20131017  |g RCR 
856 4 |u http://www.lib.tpu.ru/fulltext/c/2012/C16/V2/039.pdf 
942 |c CF